| 000 | 00467pab a2200169 454500 | ||
|---|---|---|---|
| 008 | 180718b2006 xxu||||| |||| 00| 0 eng d | ||
| 100 | _aBalmer, Brian | ||
| 245 | _aA secret formula, a rogue patent and public knowledge about nerve gas: secrecy as a spatial-epistemic tool | ||
| 260 | _c2006 | ||
| 300 | _ap.691-722. | ||
| 362 | _aOct | ||
| 650 | _aChemical warfare | ||
| 650 | _aWeapons | ||
| 773 | _aSocial Studies of Science | ||
| 908 | _aN | ||
| 909 | _a72754 | ||
| 999 |
_c72754 _d72754 |
||